The study on bioenergy consumppion in cgfp pilot erea, ausamrae village, ksem ksan commune, oudong district, kompong speu, ការសិក្សាទៅលើការប្រើប្រាស់ Biomass ជាប្រភពថាមពលក្នុងតំបន់ពិសោធន៍របស់គំរោង Cgfp ភូមិអូរសំរ៉ែ ឃុំក្សេមក្សាន្ត ស្រុកឧត្តុង្គ ខេត្តកំពង់ស្ពឺ, (Record no. 3228)
[ view plain ]
| 000 -LEADER | |
|---|---|
| fixed length control field | 00858nam a22001577a 4500 |
| 003 - CONTROL NUMBER IDENTIFIER | |
| control field | OSt |
| 005 - DATE AND TIME OF LATEST TRANSACTION | |
| control field | 20151106151631.0 |
| 008 - FIXED-LENGTH DATA ELEMENTS--GENERAL INFORMATION | |
| fixed length control field | 151106b xxu||||| |||| 00| 0 eng d |
| 040 ## - CATALOGING SOURCE | |
| Transcribing agency | RUA |
| 082 ## - DEWEY DECIMAL CLASSIFICATION NUMBER | |
| Classification number | FOR LY 2001 B127 Or.1 |
| 100 ## - MAIN ENTRY--PERSONAL NAME | |
| 9 (RLIN) | 3458 |
| Personal name | LY SOPHEA |
| 245 ## - TITLE STATEMENT | |
| Title | The study on bioenergy consumppion in cgfp pilot erea, ausamrae village, ksem ksan commune, oudong district, kompong speu, ការសិក្សាទៅលើការប្រើប្រាស់ Biomass ជាប្រភពថាមពលក្នុងតំបន់ពិសោធន៍របស់គំរោង Cgfp ភូមិអូរសំរ៉ែ ឃុំក្សេមក្សាន្ត ស្រុកឧត្តុង្គ ខេត្តកំពង់ស្ពឺ, |
| 260 ## - PUBLICATION, DISTRIBUTION, ETC. (IMPRINT) | |
| Place of publication, distribution, etc. | Phnom Penh |
| Name of publisher, distributor, etc. | RUA |
| Date of publication, distribution, etc. | 2001 |
| 300 ## - PHYSICAL DESCRIPTION | |
| Extent | 64p. |
| Other physical details | ill. |
| Dimensions | 29cm. |
| 942 ## - ADDED ENTRY ELEMENTS (KOHA) | |
| Source of classification or shelving scheme | |
| Koha item type | FOR |
| Price effective from | Date last seen | Permanent Location | Not for loan | Date acquired | Source of classification or shelving scheme | Koha item type | Barcode | Lost status | Damaged status | Shelving location | Withdrawn status | Current Location | Full call number |
|---|---|---|---|---|---|---|---|---|---|---|---|---|---|
| 2015-11-06 | 2015-11-06 | Library Block B | 2015-11-06 | FOR | RUA031324 | B127 | Library Block B | FOR LY 2001 B127 Or.1 | |||||
| 2015-11-06 | 2015-11-06 | Library Block B | 2015-11-06 | FOR | RUA031235 | Library Block B | FOR LY 2001 B127 Or.2 | ||||||
| 2015-11-06 | 2015-11-06 | Library Block B | 2015-11-06 | FOR | RUA031623 | Library Block B | FOR LY 2001 B127 Or.3 | ||||||
| 2015-11-06 | 2015-11-06 | Library Block B | 2015-11-06 | FOR | RUA031491 | Library Block B | FOR LY 2001 B127 Or.4 | ||||||
| 2015-11-06 | 2015-11-06 | Library Block B | 2015-11-06 | FOR | RUA031081 | Library Block B | FOR LY 2001 B127 Or.5 | ||||||
| 2015-11-06 | 2015-11-06 | Library Block B | 2015-11-06 | FOR | RUA031624 | Library Block B | FOR LY 2001 B127 Or.6 |